[Event "Titled Tue 1st Jul Late"]
[Site "chess.com INT"]
[Date "2025.07.01"]
[Round "7"]
[White "Budzisz, Adrian"]
[Black "Graif, William"]
[Result "1-0"]
[WhiteTitle "CM"]
[BlackTitle "FM"]
[WhiteElo "2100"]
[BlackElo "2211"]
[WhiteFideId "21860238"]
[BlackFideId "2609835"]
[EventDate "2025.07.01"]

1. Nf3 c5 2. g3 g6 3. Bg2 Bg7 4. O-O e5 5. d3 Ne7 6. c4 O-O 7. e4 d6 8. Nc3 f5
9. exf5 gxf5 10. Re1 Nbc6 11. Bg5 h6 12. Bh4 Qd7 13. Bxe7 Nxe7 14. Nh4 f4 15.
Nd5 Bf6 16. Nxe7+ Bxe7 17. Ng6 Rf6 18. Qh5 Kg7 19. Be4 Bd8 20. Nh4 Qf7 21. Qe2 1-0

[Event "Titled Tue 1st Jul Late"]
[Site "chess.com INT"]
[Date "2025.07.01"]
[Round "7"]
[White "Alvir, Aco"]
[Black "McDonald, Jhustice-Dimonte"]
[Result "1-0"]
[WhiteTitle "IM"]
[BlackTitle "CM"]
[WhiteElo "2239"]
[BlackElo "2032"]
[WhiteFideId "14400367"]
[BlackFideId "7402481"]
[EventDate "2025.07.01"]

1. e4 b6 2. d4 Bb7 3. Nc3 e6 4. a3 Nf6 5. Bd3 c5 6. Nf3 cxd4 7. Nxd4 Nc6 8. Nxc6
Bxc6 9. Qe2 d6 10. Bg5 Be7 11. h4 h6 12. Be3 d5 13. O-O-O d4 14. Bb5 Qd7 15.
Rxd4 Qc7 16. Rc4 Bxb5 17. Nxb5 Qb7 18. Nc7+ Kf8 19. Nxa8 Qxa8 20. Qd3 g6 21. f3
Kg7 22. g4 Rd8 23. Qc3 Kh7 24. Rc7 Ng8 25. h5 g5 26. Rxe7 Nxe7 27. Qf6 1-0

[Event "Titled Tue 1st Jul Late"]
[Site "chess.com INT"]
[Date "2025.07.01"]
[Round "7"]
[White "Soza de la Carrera, Jose"]
[Black "Tang, Austin"]
[Result "1-0"]
[WhiteTitle "CM"]
[WhiteElo "2221"]
[BlackElo "1979"]
[WhiteFideId "3401278"]
[BlackFideId "30964580"]
[EventDate "2025.07.01"]

1. d4 Nf6 2. c4 g6 3. Nc3 Bg7 4. e4 d6 5. f3 c5 6. d5 O-O 7. Bg5 e6 8. Qd2 exd5
9. cxd5 a6 10. a4 Qa5 11. Ra3 Nbd7 12. Nh3 Qc7 13. Nf2 Re8 14. a5 b5 15. axb6
Qxb6 16. Be2 Rb8 17. Ra2 Nf8 18. O-O N6d7 19. Rb1 f5 20. Be3 Ne5 21. b4 Qc7 22.
bxc5 Nxf3+ 23. gxf3 Bxc3 24. Qc2 Rxb1+ 25. Qxb1 dxc5 26. Bxa6 fxe4 27. Bxc8 Qxc8
28. Nxe4 Be5 29. Bxc5 Qh3 30. Qf1 Qh4 31. d6 Nd7 32. Qc4+ Kh8 33. Bd4 Qe1+ 34.
Kg2 Rf8 35. Bxe5+ Nxe5 36. Qd4 Rf5 37. d7 1-0

[Event "Titled Tue 1st Jul Late"]
[Site "chess.com INT"]
[Date "2025.07.01"]
[Round "7"]
[White "Paxtor Chiguichon, Rodolfo Enrique"]
[Black "Denisenko, Denis"]
[Result "0-1"]
[WhiteTitle "CM"]
[BlackTitle "CM"]
[WhiteElo "2009"]
[BlackElo "1934"]
[WhiteFideId "7307012"]
[BlackFideId "4170652"]
[EventDate "2025.07.01"]

1. e4 e5 2. Nf3 Nc6 3. d4 exd4 4. Nxd4 Nf6 5. Nc3 Nxe4 6. Nxe4 Qe7 7. Nb5 Qxe4+
8. Be2 Bb4+ 9. c3 Ba5 10. O-O O-O 11. Be3 a6 12. Nd4 Bb6 13. Bf3 Qg6 14. Nxc6
dxc6 15. Bxb6 cxb6 16. Qd4 c5 17. Qd5 Rb8 18. Rfe1 Be6 19. Qd6 Rfd8 20. Qxb6 c4
21. Rad1 Qf6 22. Bxb7 Rxd1 23. Rxd1 Qe7 24. Qa7 Qc7 25. Qxa6 h5 26. Bf3 Rxb2 27.
h3 Qc5 28. Rf1 g6 29. Qa8+ Kg7 30. Qe4 Rxa2 31. Qf4 Rc2 0-1

[Event "Titled Tue 1st Jul Late"]
[Site "chess.com INT"]
[Date "2025.07.01"]
[Round "7"]
[White "Ciocan, Maria-Alexandra"]
[Black "Danzer, George"]
[Result "1-0"]
[BlackTitle "CM"]
[WhiteElo "1998"]
[BlackElo "2172"]
[WhiteFideId "1227130"]
[BlackFideId "4659465"]
[EventDate "2025.07.01"]

1. e4 c5 2. Nf3 d6 3. c3 Nf6 4. Be2 g6 5. O-O Bg7 6. d3 O-O 7. h3 Nc6 8. Bg5 Rb8
9. Nbd2 b5 10. d4 cxd4 11. cxd4 a6 12. Rc1 Bb7 13. Bd3 h6 14. Be3 Rc8 15. Re1
Nd7 16. Nf1 Nb6 17. b3 Nb4 18. Bb1 Qd7 19. Qd2 Nc6 20. Bxh6 Qd8 21. Bxg7 Kxg7
22. d5 Ne5 23. Qd4 Nd7 24. Nxe5 dxe5 25. Qe3 Qa5 26. h4 Qb4 27. h5 Rh8 28. hxg6
Kxg6 29. Qg3+ Kh7 30. Qh3+ 1-0

[Event "Titled Tue 1st Jul Late"]
[Site "chess.com INT"]
[Date "2025.07.01"]
[Round "7"]
[White "Titichoca Daza, Daniel"]
[Black "Ambartsumova, Karina"]
[Result "0-1"]
[WhiteTitle "CM"]
[BlackTitle "IM"]
[WhiteElo "2126"]
[BlackElo "2403"]
[WhiteFideId "3309550"]
[BlackFideId "4166299"]
[EventDate "2025.07.01"]

1. e4 c5 2. Nf3 a6 3. c3 d5 4. exd5 Qxd5 5. d4 Bg4 6. Be2 e6 7. O-O Nd7 8. Be3
Ngf6 9. Nbd2 Be7 10. h3 Bh5 11. a4 cxd4 12. Bxd4 O-O 13. Re1 Qd6 14. a5 Qc7 15.
Nc4 Bc5 16. Nfe5 Bxe2 17. Rxe2 Bxd4 18. Qxd4 Nc5 19. Nb6 Rad8 20. Qh4 Nb3 21.
Ra4 Rd1+ 22. Kh2 Nxa5 23. Rf4 Nc6 24. Nxc6 bxc6 25. g3 Qxb6 26. Rxf6 gxf6 27.
Re3 Rd2 28. Qxf6 Qxe3 0-1

[Event "Titled Tue 1st Jul Late"]
[Site "chess.com INT"]
[Date "2025.07.01"]
[Round "7"]
[White "Alvarado, Carlos"]
[Black "Gimeno Martos, Roberto"]
[Result "0-1"]
[WhiteTitle "CM"]
[BlackTitle "CM"]
[WhiteElo "2032"]
[BlackElo "2090"]
[WhiteFideId "3800555"]
[BlackFideId "2226804"]
[EventDate "2025.07.01"]

1. Nf3 d5 2. b3 Nf6 3. Bb2 g6 4. g3 Bg7 5. Bg2 O-O 6. O-O c6 7. d3 Nbd7 8. c4 e6
9. Nbd2 Re8 10. Qc2 a6 11. Ne5 Nxe5 12. Bxe5 Nd7 13. Bxg7 Kxg7 14. d4 Nf6 15. e3
e5 16. Nf3 exd4 17. Nxd4 dxc4 18. bxc4 Qe7 19. Qb2 h6 20. a4 Kh7 21. a5 Nd7 22.
Rfd1 Nc5 23. Qa3 Bg4 24. Rdb1 Rab8 25. h3 Be6 26. Rc1 Nd7 27. Qxe7 Rxe7 28. Nb3
Ne5 29. Nc5 Nd7 30. Ne4 f5 31. Nd2 Nc5 32. Rc3 Rd7 33. Nf3 Rbd8 34. Nd4 Bf7 35.
h4 Kg7 36. h5 Kf6 37. hxg6 Bxg6 38. Bf3 Ne6 39. Ne2 Ng5 40. Kg2 Nxf3 41. Kxf3
Bh5+ 0-1

[Event "Titled Tue 1st Jul Late"]
[Site "chess.com INT"]
[Date "2025.07.01"]
[Round "7"]
[White "Rabin, Evan"]
[Black "Lowinger, Daniel"]
[Result "1-0"]
[WhiteElo "1945"]
[BlackElo "2086"]
[WhiteFideId "2028670"]
[BlackFideId "2005557"]
[EventDate "2025.07.01"]

1. e4 c5 2. Nf3 e6 3. d4 cxd4 4. Nxd4 a6 5. Nc3 Nc6 6. Nxc6 bxc6 7. Bd3 e5 8.
O-O Nf6 9. f4 Bc5+ 10. Kh1 d6 11. Qf3 exf4 12. Bxf4 O-O 13. e5 dxe5 14. Bxe5 Ng4
15. Bg3 Ne3 16. Rfe1 Nd5 17. Rad1 Be6 18. Ne4 Bb4 19. c3 Ba5 20. Nc5 Qf6 21.
Qxf6 Nxf6 22. Nxe6 fxe6 23. Rxe6 Rad8 24. Ree1 Nd5 25. Bxa6 Rde8 26. Rxe8 Rxe8
27. Bc4 Kf7 28. b4 Bd8 29. b5 Kg6 30. bxc6 Nxc3 31. Rd6+ Bf6 32. c7 Kf5 33. Ba6
Ne4 34. c8=Q+ Rxc8 35. Bxc8+ 1-0

[Event "Titled Tue 1st Jul Late"]
[Site "chess.com INT"]
[Date "2025.07.01"]
[Round "7"]
[White "Gustafsson, Jan"]
[Black "Kodihalli, Kaustubh"]
[Result "1-0"]
[WhiteTitle "GM"]
[WhiteElo "2591"]
[BlackElo "2038"]
[WhiteFideId "4625498"]
[BlackFideId "30956455"]
[EventDate "2025.07.01"]

1. e4 c5 2. d4 cxd4 3. Qxd4 Nc6 4. Qd3 Nf6 5. Nc3 g6 6. Nf3 d6 7. Be2 Bg7 8. O-O
O-O 9. Nd5 Nd7 10. c3 Nc5 11. Qc2 a5 12. Rd1 a4 13. Bg5 f6 14. Be3 Qa5 15. Nd2
b5 16. b4 axb3 17. Nxb3 Nxb3 18. Qxb3 Kh8 19. Bxb5 Rb8 20. a4 Ba6 21. c4 f5 22.
Bd2 Qd8 23. Bc3 e5 24. Nb4 Nxb4 25. Bxb4 Bb7 26. Bxd6 Bxe4 27. Bxe5 Bxe5 28.
Rxd8 Rfxd8 29. Re1 Bd4 30. Qb4 Rb7 31. h3 Be5 32. a5 Ra7 33. a6 Bd4 34. c5 1-0

[Event "Titled Tue 1st Jul Late"]
[Site "chess.com INT"]
[Date "2025.07.01"]
[Round "7"]
[White "Ambartsumian, Tyhran"]
[Black "Labussiere, Victor"]
[Result "1-0"]
[WhiteTitle "CM"]
[BlackTitle "FM"]
[WhiteElo "2244"]
[BlackElo "2312"]
[WhiteFideId "34161112"]
[BlackFideId "2183129"]
[EventDate "2025.07.01"]

1. e4 c5 2. Nf3 d6 3. Bb5+ Nd7 4. a4 Nf6 5. Nc3 g6 6. O-O Bg7 7. a5 a6 8. Be2
O-O 9. d3 b5 10. axb6 Nxb6 11. Be3 Bb7 12. Qd2 Qc7 13. Bh6 Bc6 14. Ra3 Bd7 15.
Rfa1 Qb7 16. Qg5 Bg4 17. Qh4 Bxf3 18. Bxf3 e5 19. Be2 Ne8 20. f4 exf4 21. Bxg7
Nxg7 22. Qxf4 Rfd8 23. Bg4 h5 24. Bh3 d5 25. exd5 Nxd5 26. Nxd5 Rxd5 27. b3 Qb6
28. Qf2 Rd6 29. Ra5 Rd4 30. g3 Qd6 31. Rf1 Ra7 32. Qf6 Ne8 33. Qxd6 Nxd6 34.
Rxc5 h4 35. Kg2 a5 36. Ra1 a4 37. Rxa4 Raxa4 38. bxa4 Rxa4 39. Rd5 hxg3 40. Rxd6 1-0

[Event "Titled Tue 1st Jul Late"]
[Site "chess.com INT"]
[Date "2025.07.01"]
[Round "7"]
[White "Nicot, Valentin"]
[Black "Fernandes, Rogerio Paulo Muller"]
[Result "1/2-1/2"]
[WhiteTitle "CM"]
[WhiteElo "2206"]
[BlackElo "2241"]
[WhiteFideId "651002477"]
[BlackFideId "2101599"]
[EventDate "2025.07.01"]

1. d4 Nf6 2. Nf3 c5 3. d5 d6 4. g3 b5 5. Bg2 g6 6. a4 b4 7. c4 bxc3 8. Nxc3 Bg7
9. O-O O-O 10. Re1 Nbd7 11. e4 Ng4 12. Qc2 Ba6 13. Rd1 Rb8 14. h3 Nge5 15. Nxe5
Nxe5 16. Nb5 Bxb5 17. axb5 Rxb5 18. Rxa7 Re8 19. f4 Nd7 20. Qa4 Qb6 21. Rxd7
Bxb2 22. Bxb2 Rxb2 23. Rxd6 exd6 24. Qxe8+ Kg7 25. Qc6 Qb3 26. Qxd6 Qxd1+ 27.
Kh2 Qd2 28. Qe5+ Kg8 29. Qe8+ Kg7 30. Qe5+ Kg8 31. Qe8+ Kg7 32. Qe5+ 1/2-1/2

[Event "Titled Tue 1st Jul Late"]
[Site "chess.com INT"]
[Date "2025.07.01"]
[Round "7"]
[White "Assylov, Miras"]
[Black "Garbuz, Vitaliy"]
[Result "1-0"]
[WhiteTitle "FM"]
[BlackTitle "CM"]
[WhiteElo "2319"]
[BlackElo "2219"]
[WhiteFideId "13728873"]
[BlackFideId "12990710"]
[EventDate "2025.07.01"]

1. b3 e5 2. Bb2 Nc6 3. c4 Nf6 4. e3 d6 5. Nf3 Bg4 6. Be2 Be7 7. d3 O-O 8. O-O
Re8 9. Nbd2 Bf8 10. h3 Bh5 11. a3 a5 12. Qc2 h6 13. Bc3 Bg6 14. e4 Nh5 15. Rfe1
Nf4 16. Bf1 f6 17. b4 axb4 18. axb4 Bh5 19. b5 Ne7 20. d4 Ne6 21. Qb3 Bf7 22.
Qb2 Ng6 23. Nb3 exd4 24. Nfxd4 Nxd4 25. Bxd4 Ne5 26. Qc2 g5 27. Rxa8 Qxa8 28.
Ra1 Qc8 29. Ra7 c5 30. bxc6 Nxc6 31. Ra1 Nxd4 32. Nxd4 Bg6 33. Bd3 Qc5 34. Nb5
Bg7 35. Rb1 Rf8 36. Nc3 f5 37. Nd5 fxe4 38. Ne7+ Kh7 39. Bxe4 Bd4 40. Bxg6+ Kg7
41. Nf5+ Kxg6 42. Nxd4+ 1-0

[Event "Titled Tue 1st Jul Late"]
[Site "chess.com INT"]
[Date "2025.07.01"]
[Round "7"]
[White "Sabuk, Piotr"]
[Black "Fadi, Marko"]
[Result "1-0"]
[WhiteTitle "IM"]
[BlackTitle "FM"]
[WhiteElo "2321"]
[BlackElo "2298"]
[WhiteFideId "1137565"]
[BlackFideId "10605371"]
[EventDate "2025.07.01"]

1. e4 c5 2. Nf3 Nc6 3. Bb5 Nd4 4. Nxd4 cxd4 5. O-O a6 6. Ba4 b5 7. Bb3 e6 8. d3
Bb7 9. Nd2 Bc5 10. Qg4 Qf6 11. Nf3 Qg6 12. Qg3 Qxg3 13. hxg3 Ne7 14. a4 O-O 15.
Bd2 f5 16. Ne5 Bc6 17. Nxc6 Nxc6 18. axb5 axb5 19. Rxa8 Rxa8 20. exf5 Kf7 21.
fxe6+ dxe6 22. Re1 Re8 23. Ra1 Nb4 24. Ra5 Rb8 25. f4 Kf6 26. Kf2 h6 27. Kf3 g5
28. Kg4 gxf4 29. gxf4 Rb6 30. Ra8 Nc6 31. Rc8 Bd6 32. Rh8 Kg7 33. Re8 e5 34. f5
Rb8 35. Re6 h5+ 36. Kxh5 Be7 37. Bh6+ Kh7 38. Rxc6 1-0

[Event "Titled Tue 1st Jul Late"]
[Site "chess.com INT"]
[Date "2025.07.01"]
[Round "7"]
[White "Bogaudinov, Rushan"]
[Black "Karvatskyi, Oleksii"]
[Result "0-1"]
[WhiteTitle "FM"]
[BlackTitle "CM"]
[WhiteElo "1912"]
[BlackElo "2258"]
[WhiteFideId "4129288"]
[BlackFideId "14191059"]
[EventDate "2025.07.01"]

1. e4 c5 2. Nf3 d6 3. d4 cxd4 4. Nxd4 Nf6 5. Nc3 g6 6. Be3 Bg7 7. f3 a6 8. Qd2
h5 9. a4 Nbd7 10. Bc4 Ne5 11. Bb3 Bd7 12. O-O Rc8 13. Bg5 Nc4 14. Bxc4 Rxc4 15.
b3 Nxe4 16. fxe4 Bxd4+ 17. Kh1 Bxc3 18. Qf4 Be6 19. bxc4 Bxa1 20. Rxa1 Bxc4 21.
e5 Be6 22. exd6 Qxd6 23. Qxd6 exd6 24. Rb1 Bd5 25. Rd1 Bc6 26. Rxd6 O-O 27. a5
Kg7 28. Bf6+ Kh7 29. Rd8 Rxd8 30. Bxd8 Kg7 31. Kg1 f6 32. Bb6 Kf7 33. Bd4 Ke6
34. Kf2 Be4 35. c3 g5 36. g3 f5 37. Be3 Kf6 38. h4 gxh4 39. gxh4 Ke5 40. Bd4+
Kf4 41. Bf6 Kg4 42. Be7 f4 43. Bf6 Kf5 44. Bd8 Bc6 45. Be7 Ke4 46. Bd6 Bd5 47.
Bc7 Bc6 48. Bd6 Bd7 49. Bc7 Bg4 50. Bd6 Bd1 51. Bc7 Kf5 52. Bd6 Ba4 53. Bc7 Bc6
54. Bd6 Kg4 55. Be7 b6 56. axb6 a5 57. Bd8 a4 58. Be7 Kf5 59. Ba3 Ke4 60. c4 Kd3
61. c5 Kc4 62. Ke2 Kb3 63. Bc1 f3+ 64. Ke3 a3 65. Bxa3 Kxa3 66. Kd4 f2 67. Ke5
f1=Q 68. Kd6 Qf3 69. Kc7 Qd5 70. Kb8 Qd8+ 0-1

[Event "Titled Tue 1st Jul Late"]
[Site "chess.com INT"]
[Date "2025.07.01"]
[Round "7"]
[White "Mecit, Emre"]
[Black "Girya, Olga"]
[Result "0-1"]
[BlackTitle "GM"]
[WhiteElo "2007"]
[BlackElo "2393"]
[WhiteFideId "6304214"]
[BlackFideId "4195752"]
[EventDate "2025.07.01"]

1. e4 e5 2. Nf3 Nc6 3. Bb5 a6 4. Ba4 Nf6 5. O-O Nxe4 6. d4 b5 7. Bb3 d5 8. dxe5
Be6 9. c3 Be7 10. Nbd2 Nc5 11. Bc2 d4 12. cxd4 Nxd4 13. Nxd4 Qxd4 14. Nf3 Qxd1
15. Rxd1 Rd8 16. Be3 Na4 17. b3 Rxd1+ 18. Rxd1 Nc3 19. Ra1 c5 20. Kf1 Kd7 21.
Nd2 g5 22. Ne4 Nxe4 23. Bxe4 c4 24. Rd1+ Kc7 25. bxc4 Bxc4+ 26. Bd3 Rd8 27. Ke2
Rxd3 28. Rxd3 Kc6 29. Kd2 Bxd3 30. Kxd3 Kd5 31. Bd4 g4 32. f4 gxf3 33. gxf3 Bg5
34. h3 a5 35. Bc3 a4 36. Ba5 Bf4 37. Kc3 Bxe5+ 38. Kb4 Kc6 39. Bd8 Bd6+ 40. Kc3
Kd5 41. Kd3 b4 42. Bb6 Be5 43. Ba5 b3 44. axb3 a3 45. Bc3 a2 0-1

[Event "Titled Tue 1st Jul Late"]
[Site "chess.com INT"]
[Date "2025.07.01"]
[Round "7"]
[White "Harriott, Tyrell"]
[Black "Papacek, Stepan"]
[Result "0-1"]
[BlackTitle "FM"]
[WhiteElo "1924"]
[BlackElo "2225"]
[WhiteFideId "2086484"]
[BlackFideId "301035"]
[EventDate "2025.07.01"]

1. d4 e6 2. e3 d5 3. Bd3 c5 4. c3 Nc6 5. f4 Nf6 6. Nf3 Be7 7. Rf1 O-O 8. Kf2 b6
9. Kg1 a5 10. Qe2 Bb7 11. Nbd2 Qc8 12. Ne5 a4 13. g4 Nd7 14. Qf3 Ncxe5 15. fxe5
Ba6 16. c4 cxd4 17. exd4 dxc4 18. Be4 Ra7 19. Qh3 g6 20. Nf3 c3 21. Qh6 Bxf1 22.
Kxf1 Qc4+ 23. Kg1 Qe2 24. Bg5 Qxe4 25. Bxe7 Qxf3 26. Bf6 Nxf6 27. exf6 Qxf6 28.
Rf1 Qxd4+ 29. Kh1 cxb2 30. Qg5 Rc7 31. h3 Qd5+ 0-1

[Event "Titled Tue 1st Jul Late"]
[Site "chess.com INT"]
[Date "2025.07.01"]
[Round "7"]
[White "Hadzovic, Amir"]
[Black "Rogov, Matfey"]
[Result "0-1"]
[WhiteTitle "FM"]
[BlackTitle "FM"]
[WhiteElo "2354"]
[BlackElo "2348"]
[WhiteFideId "14402300"]
[BlackFideId "44191308"]
[EventDate "2025.07.01"]

1. e4 e5 2. Nc3 Nf6 3. f4 d5 4. fxe5 Nxe4 5. Qf3 Nc6 6. Bb5 f5 7. Bxc6+ bxc6 8.
d3 Nxc3 9. bxc3 Qh4+ 10. g3 Qe7 11. d4 g5 12. Ne2 g4 13. Qd3 h5 14. Nf4 Qf7 15.
Be3 Be6 16. Rb1 h4 17. Kf2 Kd7 18. Ng2 Be7 19. Qd2 Rag8 20. Bf4 Rh5 21. Ne3 Qh7
22. Rhg1 hxg3+ 23. hxg3 Rh2+ 24. Rg2 Bg5 25. Bxg5 Rxg5 26. Rxh2 Qxh2+ 27. Ng2 f4
28. gxf4 g3+ 29. Ke3 Rg8 30. Re1 Bh3 31. Re2 Qg1+ 32. Kd3 Bf5+ 33. Re4 Bxe4+ 34.
Ke2 Qxg2+ 35. Ke3 0-1

[Event "Titled Tue 1st Jul Late"]
[Site "chess.com INT"]
[Date "2025.07.01"]
[Round "7"]
[White "Marichal Gonzalez, Ariel"]
[Black "Vazelakis, Dimitrios"]
[Result "1-0"]
[WhiteTitle "IM"]
[WhiteElo "2268"]
[BlackElo "1857"]
[WhiteFideId "3503232"]
[BlackFideId "4203674"]
[EventDate "2025.07.01"]

1. c4 f5 2. Nc3 Nf6 3. g3 d6 4. Bg2 e5 5. e3 Be7 6. Nge2 O-O 7. O-O Nc6 8. d4 e4
9. b3 Kh8 10. Bb2 d5 11. c5 b6 12. Na4 Ba6 13. cxb6 cxb6 14. a3 Rc8 15. Rc1 Qd7
16. Re1 Bxe2 17. Qxe2 Na5 18. Qd1 Rxc1 19. Bxc1 Rc8 20. Bb2 Qb5 21. b4 Nc4 22.
Bf1 Qd7 23. Bxc4 Rxc4 24. Nc3 Qc8 25. Qd2 Ne8 26. Rc1 Nd6 27. Nxd5 Bf8 28. Nf4
b5 29. Ne2 Rxc1+ 30. Qxc1 Nc4 31. d5 Qd7 32. Nf4 Kg8 33. Bd4 a6 34. Bc5 Bxc5 35.
bxc5 g5 36. c6 Qd6 37. Ne6 h6 38. c7 Qd7 39. Qa1 Nd6 40. Qf6 Kh7 41. Nf8+ 1-0

[Event "Titled Tue 1st Jul Late"]
[Site "chess.com INT"]
[Date "2025.07.01"]
[Round "7"]
[White "Li, Xueyi"]
[Black "Montano Vicente, Guadalupe"]
[Result "0-1"]
[WhiteTitle "WGM"]
[WhiteElo "2220"]
[BlackElo "1938"]
[WhiteFideId "8605912"]
[BlackFideId "5181399"]
[EventDate "2025.07.01"]

1. d4 Nf6 2. c4 b6 3. g3 Bb7 4. Nf3 e6 5. Bg2 Bb4+ 6. Bd2 Bxd2+ 7. Nbxd2 O-O 8.
O-O c5 9. Re1 cxd4 10. Nxd4 Bxg2 11. Kxg2 Nc6 12. Nxc6 dxc6 13. Nf3 Qc7 14. Qc2
Rfd8 15. Red1 c5 16. Rxd8+ Rxd8 17. Rd1 Rd7 18. Rxd7 Qxd7 19. b3 Qd6 20. Qd2
Qxd2 21. Nxd2 Kf8 22. Kf3 Ke7 23. Ne4 h6 24. h4 Nd7 25. Ke3 Ne5 26. f4 Nc6 27.
g4 Nb4 28. Nc3 Kf6 29. a3 Nc2+ 30. Kf3 Nd4+ 31. Ke3 Nxb3 32. Ne4+ Ke7 33. Kd3
Na5 34. Ng3 g6 35. e4 Nc6 36. Ne2 a6 0-1

[Event "Titled Tue 1st Jul Late"]
[Site "chess.com INT"]
[Date "2025.07.01"]
[Round "7"]
[White "Svane, Frederik"]
[Black "Steinberg, Nitzan"]
[Result "0-1"]
[WhiteTitle "GM"]
[BlackTitle "GM"]
[WhiteElo "2667"]
[BlackElo "2554"]
[WhiteFideId "12923044"]
[BlackFideId "2801795"]
[EventDate "2025.07.01"]

1. e4 c5 2. Nf3 d6 3. d4 cxd4 4. Nxd4 Nf6 5. Nc3 a6 6. Bg5 Nbd7 7. Bc4 Qb6 8.
O-O e6 9. Re1 Be7 10. Bb3 Nc5 11. Na4 Qc7 12. Nxc5 dxc5 13. e5 cxd4 14. exf6
gxf6 15. Bh4 Bd7 16. Qxd4 O-O-O 17. Rad1 Bc6 18. Qc3 Rhg8 19. Bg3 Qb6 20. a3 h5
21. h4 f5 22. Qe5 Rxg3 23. Qxg3 Bf6 24. Rxd8+ Qxd8 25. c3 Bxh4 26. Qf4 Bg5 27.
Qd4 Qg8 28. Re2 Bf6 29. Qxf6 Qxg2# 0-1

[Event "Titled Tue 1st Jul Late"]
[Site "chess.com INT"]
[Date "2025.07.01"]
[Round "7"]
[White "Gasparyan, Erik R."]
[Black "Bok, Benjamin"]
[Result "1-0"]
[WhiteTitle "IM"]
[BlackTitle "GM"]
[WhiteElo "2372"]
[BlackElo "2582"]
[WhiteFideId "13315730"]
[BlackFideId "1017063"]
[EventDate "2025.07.01"]

1. Nf3 d5 2. g3 c6 3. Bg2 Bg4 4. O-O Nd7 5. d4 e6 6. c4 Ngf6 7. Qb3 Qb6 8. Nc3
Be7 9. Bf4 O-O 10. Rfd1 Qa6 11. cxd5 exd5 12. h3 Be6 13. Bf1 Ne4 14. Qc2 Ndf6
15. Ne5 Qb6 16. Bg2 Rfe8 17. Rac1 Bf8 18. g4 Qd8 19. e3 Bd6 20. Nd3 h5 21. f3
Nxc3 22. bxc3 Qc7 23. Re1 hxg4 24. hxg4 Re7 25. Kf2 Rae8 26. Bxd6 Qxd6 27. Nf4
Bxg4 28. Qd3 Bc8 29. Re2 g6 30. c4 Bf5 31. Qb3 g5 32. Nd3 Bxd3 33. Qxd3 Nh5 34.
Rh1 Qg3+ 35. Kf1 Nf4 36. Qh7+ 1-0

[Event "Titled Tue 1st Jul Late"]
[Site "chess.com INT"]
[Date "2025.07.01"]
[Round "7"]
[White "Williams, Justus"]
[Black "Slovineanu, Viacheslav"]
[Result "1-0"]
[WhiteTitle "IM"]
[BlackTitle "IM"]
[WhiteElo "2355"]
[BlackElo "2412"]
[WhiteFideId "2049929"]
[BlackFideId "13900510"]
[EventDate "2025.07.01"]

1. e4 c6 2. d4 d5 3. e5 Bf5 4. Be3 e6 5. Nd2 Nd7 6. Ngf3 a6 7. Be2 h6 8. O-O c5
9. dxc5 Bxc5 10. Bxc5 Nxc5 11. Nd4 Ne7 12. c4 O-O 13. cxd5 Qxd5 14. Nxf5 Nxf5
15. Nf3 Rfd8 16. Qxd5 Rxd5 17. Rfc1 Rad8 18. g4 Ne7 19. Bc4 R5d7 20. Bb5 axb5
21. Rxc5 b4 22. Rb5 Nc6 23. Kg2 g5 24. h4 gxh4 25. Rh1 Kg7 26. Rxh4 Rc7 27. g5
hxg5 28. Nxg5 Rd5 29. Rxd5 exd5 30. e6 Ne5 31. Rh7+ Kf6 32. exf7 Rc8 33. f4 Ng6
34. Kf3 d4 35. Ne4+ Ke7 36. f5 Ne5+ 37. Kf4 Nxf7 38. Rxf7+ Kxf7 39. Nd6+ Kf6 40.
Nxc8 d3 41. Nd6 1-0

[Event "Titled Tue 1st Jul Late"]
[Site "chess.com INT"]
[Date "2025.07.01"]
[Round "7"]
[White "Shapiro, Daniel"]
[Black "Winkels, Marcel"]
[Result "1-0"]
[WhiteTitle "FM"]
[BlackTitle "CM"]
[WhiteElo "2284"]
[BlackElo "1905"]
[WhiteFideId "2001780"]
[BlackFideId "1003887"]
[EventDate "2025.07.01"]

1. d4 Nf6 2. c4 e6 3. g3 c5 4. d5 exd5 5. cxd5 d6 6. Nc3 g6 7. Nf3 Bg7 8. Nd2
O-O 9. Nc4 Na6 10. Bf4 Ne8 11. Nb5 Bg4 12. Bg2 Nac7 13. Nxc7 Qxc7 14. a4 h6 15.
h3 Bf5 16. e4 Bc8 17. Qd2 b6 18. Bxh6 Ba6 19. Bxg7 Kxg7 20. b3 Nf6 21. Qc3 Qe7
22. O-O Rae8 23. Rfe1 Kg8 24. f4 Nh5 25. e5 Bxc4 26. bxc4 dxe5 27. fxe5 Qg5 28.
Kh2 Re7 29. Re4 Rfe8 30. Rae1 Nf6 31. R4e2 Nd7 32. e6 Nf6 33. Rf2 Nh5 34. exf7+
Rxf7 35. Rxe8+ 1-0

[Event "Titled Tue 1st Jul Late"]
[Site "chess.com INT"]
[Date "2025.07.01"]
[Round "7"]
[White "Sinkar, Anagha Aniket"]
[Black "Rosen, Eric"]
[Result "0-1"]
[WhiteTitle "WCM"]
[BlackTitle "IM"]
[WhiteElo "1776"]
[BlackElo "2377"]
[WhiteFideId "30974780"]
[BlackFideId "2032562"]
[EventDate "2025.07.01"]

1. e4 e6 2. d4 d5 3. e5 Bd7 4. Nf3 a6 5. Bd3 Bb5 6. O-O Ne7 7. Nc3 Bxd3 8. Qxd3
Nf5 9. Bg5 Be7 10. Bxe7 Qxe7 11. Na4 g5 12. Nc5 g4 13. Nd2 b6 14. Ncb3 h5 15. h3
gxh3 16. Qxh3 Nc6 17. Nf3 O-O-O 18. a4 Rdg8 19. a5 b5 20. c3 Rg4 21. Nc5 Rhg8
22. Nxa6 Nh4 23. Nxh4 Rxh4 24. Qf3 Rhg4 25. Nc5 h4 26. a6 Na7 27. Nd3 Qg5 28.
Ne1 h3 29. Qxh3 Rh4 30. Nf3 Rxh3 31. Nxg5 Rxg5 32. f4 Rg8 33. Kf2 Rhg3 34. Rg1
Kd7 35. Ra5 Kc6 36. Ra3 Kb6 0-1

[Event "Titled Tue 1st Jul Late"]
[Site "chess.com INT"]
[Date "2025.07.01"]
[Round "7"]
[White "Jakovljevic, Dejan"]
[Black "Ismayilova, Khanim"]
[Result "1-0"]
[WhiteTitle "CM"]
[BlackTitle "WCM"]
[WhiteElo "1956"]
[BlackElo "1971"]
[WhiteFideId "949418"]
[BlackFideId "13429019"]
[EventDate "2025.07.01"]

1. e4 c5 2. c3 Nf6 3. e5 Nd5 4. Nf3 Nc6 5. d4 cxd4 6. cxd4 d6 7. a3 e6 8. Bd3
dxe5 9. dxe5 Bc5 10. O-O O-O 11. Bxh7+ Kxh7 12. Ng5+ Kg6 13. Qc2+ f5 14. exf6+
Kxf6 15. Qxc5 Rh8 16. Nc3 Nxc3 17. Qxc3+ e5 18. Qf3+ Bf5 19. g4 Nd4 20. Qxb7
Ne2+ 21. Kh1 Nxc1 22. Qf7+ Kxg5 23. Qxf5+ Kh4 24. Raxc1 Qd5+ 25. f3 Raf8 26. Qe4
Qd2 27. g5+ Kxg5 28. Qxe5+ Rf5 29. Qxg7+ Kf4 30. Qxh8 Rg5 31. Qf6+ Rf5 32. Rc4+ 1-0